Des célébrités portant les initiales L - Statistiques

Statistiques générales
  • Ce quiz a été pris 93 fois
  • Le résultat moyen est 14 sur 25
Statistiques - réponses
Code Indice Célébrité % Correct
LP Scientifique français, découvreur du vaccin contre la rage Louis Pasteur
93%
LH Pilote britannique, septuple champion du monde de Formule 1 Lewis Hamilton
92%
LG Chanteuse pop américaine et actrice, star de A Star is Born Lady Gaga
89%
LV Marque de luxe française fondée par ce créateur Louis Vuitton
88%
LA Cycliste américain, septuple vainqueur déchu du Tour de France Lance Armstrong
84%
LX Roi de France surnommé le Roi Soleil Louis XIV
84%
LM Footballeur argentin, septuple Ballon d’Or Lionel Messi
83%
LB Réalisateur et producteur français, connu pour Le Grand Bleu et Lucy Luc Besson
83%
LF Acteur comique français, légende du cinéma Louis de Funès
80%
LD Acteur américain oscarisé pour The Revenant Leonardo DiCaprio
71%
LS Actrice française, connue pour La Vie d’Adèle et 007 : Spectre Léa Seydoux
70%
LY Jeune prodige espagnol du FC Barcelone Lamine Yamal
67%
LE Entraîneur et ancien footballeur espagnol, récent vainqueur de la LDC Luis Enrique
63%
LN Acteur nord-irlandais, connu pour Taken et La Liste de Schindler Liam Neeson
61%
LJ Star NBA, quadruple champion et MVP LeBron James
57%
LR Chanteuse et actrice française, figure emblématique du music-hall Line Renaud
47%
LO Assassin présumé de John F. Kennedy Lee Harvey Oswald
45%
LW Acteur français, connu pour Des Hommes et des Dieux et De Gaulle Lambert Wilson
42%
LT Révolutionnaire et théoricien politique russe Léon Trotski
36%
LC Actrice britannique Emily in Paris Lily Collins
36%
LL Actrice américaine, star de Lolita malgré moi Lindsay Lohan
32%
LI Footballeur italien, légende du Napoli, vainqueur de l’Euro 2020 Lorenzo Insigne
26%
LK Chanteur, musicien et acteur américain Lenny Kravitz
11%
LU Batteur danois du groupe Metallica Lars Ulrich
5%
LZ Athlète américain de la Seconde Guerre mondiale, héros olympique Louis Zamperini
1%
Aucun quiz correspondant
Distribution des résultats
% des personnes avec chaque résultat
Percentile par nombre de réponses
Votre historique - résultats
Vous n’avez pas pris ce quiz